000 00355nam a2200133Ia 4500
008 231129s9999||||xx |||||||||||||| ||spa||
020 _a968-13-1058-6
040 _bspa
082 _a972 T662m
100 _aTompkins Peter
245 0 _aEl misterio de las piramides mexicanas
264 _aDiana
942 _2ddc
_cBKS
999 _c11715
_d11715